| 000 | 01224nam a22003017a 4500 | ||
|---|---|---|---|
| 001 | 644 | ||
| 005 | 20230628084803.0 | ||
| 008 | 230628b cb ||||| |||| 00| 0 eng d | ||
| 020 | _a0778712982 (RLB : alk. paper) | ||
| 020 | _a0778713202 (pbk. : alk. paper) | ||
| 040 |
_aDLC _cDLC _dDLC _beng |
||
| 050 | 0 | 0 |
_aQL638.9 _b.K36 2003 |
| 082 | 0 | 0 |
_a597.3 _221 |
| 100 | 1 | _aKalman, Bobbie. | |
| 245 | 1 | 0 |
_aSpectacular sharks / _cBobbie Kalman & Molly Aloian. |
| 260 |
_aNew York, NY : _bCrabtree , _c2003. |
||
| 300 |
_a32 pages : _bcolor illustrations ; _c25 cm. |
||
| 490 | 1 | _aThe Living ocean | |
| 505 | _aQ | ||
| 520 | _aSpectacular Sharks gives children clear insight into the behavior, habitats, and bodies of these prehistoric fish. Beautiful, full-color photographs feature shark bodies and different species. Fascinating text helps dispel many shark myths and describes how they hunt, why sharks are important to oceans, and why many are in danger. | ||
| 521 |
_a660
_bLexile estimate |
||
| 521 |
_aQ
_bRaz-Plus |
||
| 650 | 0 |
_aSharks _vJuvenile literature. |
|
| 650 | 1 | _aSharks. | |
| 700 | 1 |
_aAloian, Molly. _cillustrator. |
|
| 906 |
_a7 _bcbc _corignew _d1 _eecip _f20 _gy-gencatlg |
||
| 942 |
_2ddc _cBK _n0 |
||
| 999 |
_c644 _d644 |
||